Broken bones (Record no. 767800)

MARC details
000 -LEADER
fixed length control field 00696nam a22002057b 4500
005 - DATE AND TIME OF LATEST TRANSACTION
control field 20240918153405.0
008 - FIXED-LENGTH DATA ELEMENTS--GENERAL INFORMATION
fixed length control field 240918b sa o|||| |||| 00| 0 ENG d
020 ## - INTERNATIONAL STANDARD BOOK NUMBER
International Standard Book Number <a href="9781403448224">9781403448224</a>
Qualifying information (hbk)
040 ## - CATALOGING SOURCE
Original cataloging agency RDA
Transcribing agency 3228
041 ## - LANGUAGE CODE
Language English
082 ## - DEWEY DECIMAL CLASSIFICATION NUMBER
-- 22
Classification number J 617.15 ROYS
942 ## - ADDED ENTRY ELEMENTS
Creator ID 175
Creator Name Naomi Ntsimane
Modifier ID 175
Modifier Name Naomi Ntsimane
100 ## - MAIN ENTRY--PERSONAL NAME
Personal name Royston, Angela
245 ## - TITLE STATEMENT
Title Broken bones
Statement of responsibility, etc. Angela Roystone
260 ## - PUBLICATION, DISTRIBUTION, ETC.
Place of publication, distribution, etc. Chicago, Illinois:
Name of publisher, distributor, etc. Heinemann Library;
Date of publication, distribution, etc. c2004.
300 ## - PHYSICAL DESCRIPTION
Extent 32 pages :
Other physical details color illustrations ;
Dimensions 23 cm.
490 ## - SERIES STATEMENT
Series statement It's Not Catching
504 ## - BIBLIOGRAPHY, ETC. NOTE
Bibliography, etc. note Includes bibliographical references and index
650 ## - SUBJECT ADDED ENTRY--TOPICAL TERM
Topical term or geographic name entry element Bones—Wounds and injuries; Fractures; Joints—Wounds and injuries.
Form subdivision Juvenile literature.
9 (RLIN) 189112
942 ## - ADDED ENTRY ELEMENTS
Source of classification or shelving scheme Dewey Decimal Classification
item type Book
Holdings
Withdrawn status Lost status Source of classification or shelving scheme Damaged status Not for loan Collection code Home library Current library Shelving location Date acquired Total Checkouts Full call number Barcode Date last seen Price effective from item type
    Dewey Decimal Classification     600: Technology & Applied Science Standerton Regional Library Perdekop Public Library Children's Area 18.09.2024   J 617.15 ROYS 3322803190136 18.09.2024 18.09.2024 Book